000 01948nam a2200289 4500
001 0000100146
005 20250329165506.0
008 190730s2019 000 0 eng d
040 _aCO-CtgCURN
_bspa
_ccoctgcurn
041 0 _aspa
082 0 _aTCS2019
_bS939
100 1 _aSuarez Zuñiga, Jesus Eduardo.
245 1 0 _aAnálisis para la posible implementación del sistema de costos ABC en la empresa electropura. /
_cJesus Eduardo Suarez Zuñiga ; Carlos David Ortega Jimenez ; Asesor:.
260 _aCartagena de Indias :
_bCorporacion Universitaria Rafael Nuñez,
_c2019.
260 _c2019.
300 _a36 Hojas.
336 _2rdacontent
_atext
_btxt
337 _2rdacarrier
_asin mediacion
_bn
338 _2rdacarrier
_avolumen
_bnc
502 _aTrabajo de grado (Contabilidad sistematizada).Corporacion Universitaria Rafael Nuñez. Facultad de Ciencias contables y Administrativas. Contabilidad Sistematizada, 2019.
520 _aCon este proyecto se busca una posible implementación del sistema de costos ABC en la empresa ELECTROPURA; contribuyendo a un mejoramiento economico; estableciendo un buen funcionamiento en la parte contable y productiva de la empresa. Este sistema de costos tiene gran importancia en cualquier ente, ya que brinda una información real de los valores de las actividades de produccion, determinando el crecimiento productivo de cualquier empresa, por lo que facilita el suministro de información contable a la gerencia que se encarga de analizar y tomar las mejores decisiones.
650 0 _aContabilidad sistematizada
_vTesis y disertaciones academicas.
700 1 _aOrtega Jimenez, Carlos David,
_eAsesor.
856 _uhttps://unicurn.sharepoint.com/:b:/s/biblioteca/ERbSzxvfxSlBkkcGnAzLvXsBniUt5RwquNcdEt3e64qQig?e=Jm8c6J
_zClick aqui para ver el recurso en texto completo
942 _cTG
_hTCS 2019
_iS939
999 _c5772
_d5772